Investigating the Differences between the Factors Determining Financial Structure of Enterprises across Industry Sectors

Model determinácie vplyvu vnútorných faktorov podniku na jeho prevádzku. Závislá premenná v lineárnom regrersnom modeli - pomer zadlženia podniku, nezávislé premenné: likvidita, štruktúra majetku, ziskovosť, nedlhový daňový štít a veľkosť podniku.

Guardado en:
Detalles Bibliográficos
Autor principal: Kalusová, Lenka, 1987-
Otros Autores: Fetisovová, Elena
Formato: Capítulo de libro
Lenguaje:inglés
Materias:
Etiquetas: Agregar Etiqueta
Sin Etiquetas, Sea el primero en etiquetar este registro!

MARC

LEADER 00000naa a2200000 4500
001 0214238
005 20240701093223.4
041 0 |a eng 
044 |a LT 
245 1 0 |a Investigating the Differences between the Factors Determining Financial Structure of Enterprises across Industry Sectors  |c Lenka Kalusová, Elena Fetisovová 
520 |a Model determinácie vplyvu vnútorných faktorov podniku na jeho prevádzku. Závislá premenná v lineárnom regrersnom modeli - pomer zadlženia podniku, nezávislé premenné: likvidita, štruktúra majetku, ziskovosť, nedlhový daňový štít a veľkosť podniku. 
610 2 0 |a štruktúra podniku finančná 
610 2 0 |a analýza faktorová 
610 2 0 |a manufaktúry 
610 2 0 |a sektor súkromný 
610 2 0 |a riadenie podnikové 
100 1 |a Kalusová, Lenka, 1987- 
700 1 |a Fetisovová, Elena